000 00468nam a2200181Ia 4500
001 23681
005 20260414150953.0
008 260414t2015||||xx |||||||||||||| ||spa||
041 _aESP
082 _a690.068
_bH22
100 _aHardin, Brad
_eAUT
245 0 _aBIM and construction management :
_bproven tools, methods, and workflows
260 _c2015
300 _axxiii, 375 páginas :
_c23 cm.
650 _a0
654 _aCIC
942 _cLIB
_dJUS
_fJUS
_2ddc
_n
999 _c23681
_d23681